|
|
|
|
| LEADER |
00000nam a22000007a 4500 |
| 003 |
Ucuenca |
| 005 |
20231208062731.0 |
| 008 |
190108b2006 ec ||||| |||| 00| 0 spa d |
| 020 |
|
|
|a 9978-300-41-4
|
| 020 |
|
|
|a 978-9978-300-41-1
|
| 040 |
|
|
|b spa
|
| 041 |
0 |
|
|a es
|
| 082 |
0 |
|
|a 986.6
|
| 100 |
1 |
|
|a Ortiz Crespo, Gonzalo.
|d 1944-
|9 125663
|
| 245 |
|
|
|a Quito: historia y destino. Ensayos y discursos sobre el pasado y el futuro de una ciudad extraordinaria
|c Gonzalo Ortiz Crespo
|h imp
|
| 264 |
|
|
|a Quito
|b Trama
|c 2006
|
| 300 |
|
|
|a 360 páginas:
|b tab
|c 24 cm
|
| 650 |
|
0 |
|a Historia ecuatoriana
|9 243
|
| 650 |
|
0 |
|9 7689
|a Quito
|
| 650 |
1 |
0 |
|a Historia
|9 94
|
| 942 |
|
|
|2 ddc
|c BK
|z bladimir.cabrerar@ucuenca.edu.ec
|
| 999 |
|
|
|c 156586
|d 156586
|